000 00417nam a2200145Ia 4500
008 180921t1934 xxu||||| ||||o00| 0 eng d
041 _aeng
245 _aCeylon Sessional Papers : Report of The Commission on Shipping Conferences And Deferred Rebates
260 _c1934
300 _ap.2-216, 28 cm
500 _aSessional Paper xi-1934
942 _cBK
999 _c45393
_d45393
003 LK-CoDNM
040 _aLK-CoDNM
_dLK-CoDNM
_eLK-CoDNM